Another crossroads? : professional military education twenty years after the Goldwater-Nichols Act and the Skelton panel : hearing before the Oversight and Investigations Subcommittee of the Committee on Armed Services, House of Representatives, One Hundred Eleventh Congress, first session, hearing held May 20, 2009.

Bibliographic Details
Corporate Author: United States. Congress. House. Committee on Armed Services. Oversight and Investigations Subcommittee
Format: Government Document eBook
Language:English
Published: Washington : U.S. G.P.O., 2010.
Subjects:
Online Access:Electronic resource (PDF)

MARC

Tag First Indicator Second Indicator Subfields
LEADER 00000cam a22000001a 4500
001 in00004100573
005 20200117091319.0
006 m d f
007 cr bn mmmapmmp
008 100616s2010 dcu ob f000 0 eng d
035 |a chdc201000139 
040 |a UMI  |c UMI  |d UtOrBLW 
042 |a pcc 
043 |a n-us--- 
074 |a 1012-C-01 
086 0 |a Y 4.AR 5/2A:2009-2010/67 
086 0 |a Y 4.AR 5/2A: 2009-2010/67 
088 |a H.A.S.C. no. 111-67 
110 1 |a United States.  |b Congress.  |b House.  |b Committee on Armed Services.  |b Oversight and Investigations Subcommittee.  |0 http://id.loc.gov/authorities/names/no93019558 
245 1 0 |a Another crossroads? :  |b professional military education twenty years after the Goldwater-Nichols Act and the Skelton panel : hearing before the Oversight and Investigations Subcommittee of the Committee on Armed Services, House of Representatives, One Hundred Eleventh Congress, first session, hearing held May 20, 2009. 
246 3 0 |a Professional military education twenty years after the Goldwater-Nichols Act and the Skelton panel 
264 1 |a Washington :  |b U.S. G.P.O.,  |c 2010. 
264 2 |a Washington :  |b For sale by the Supt. of Docs., U.S. G.P.O. 
300 |a iii, 103 pages, digital, PDF file. 
336 |a text  |b txt  |2 rdacontent 
337 |a computer  |b c  |2 rdamedia 
338 |a online resource  |b cr  |2 rdacarrier 
500 |a Shipping list number: 2010-0148-P. 
504 |a Includes bibliographical references. 
500 |a "H.A.S.C. number 111-67." 
500 |a Record is based on bibliographic data in ProQuest Congressional Hearings Digital Collection. Reuse except for individual research requires license from ProQuest, LLC. 
500 |a Electronic resource. 
533 |a Electronic reproduction.  |b [Bethesda, Md.] :  |c ProQuest,  |d 2010.  |e digital, PDF file.  |n ProQuest U.S. Congressional Hearings Digital Collection.  |n Mode of access: World Wide Web via ProQuest website. 
538 |a System requirements: PDF reader software. 
610 1 0 |a United States.  |t Goldwater-Nichols Department of Defense Reorganization Act of 1986.  |0 http://id.loc.gov/authorities/names/n86017552 
650 0 |a Military education  |z United States  |x Evaluation. 
650 0 |a Unified operations (Military science)  |x Study and teaching  |z United States  |x Evaluation. 
651 0 |a United States  |x Armed Forces  |x Officers  |x Education. 
776 0 8 |i Print version:   |a United States. Congress. House. Committee on Armed Services. Oversight and Investigations Subcommittee.  |t Another crossroads?  |w 9780160852923  |w 0160852927  |w (OCoLC)ocn566109859  |z 2010443267 
776 0 8 |i Microfiche version:   |a United States. Congress. House. Committee on Armed Services. Oversight and Investigations Subcommittee.  |t Another crossroads?  |d [Bethesda, Md.] : ProQuest,[2010]  |o CIS 2010 H201-67  |w (ProQuest)cis01000186  
856 4 0 |u http://proxy.library.tamu.edu/login?url=http://search.proquest.com/congcomp/getdoc?HEARING-ID=HRG-2009-ASH-0023  |y Electronic resource (PDF)  |t 0 
998 |a cis01000186  
999 f f |s e5e07b98-b921-383f-b096-33a224f349a9  |i 13794f30-e3db-3c57-802a-ddfdd22efd84  |t 0 
952 f f |a Texas A&M University  |b College Station  |c Electronic Resources  |d Available Online  |t 0  |e Y 4.AR 5/2A: 2009-2010/67  |h Superintendent of Documents classification 
998 f f |a Y 4.AR 5/2A: 2009-2010/67  |t 0  |l Available Online